000 00320cam a22001097a 4500
008 180718b1963 xxu||||| |||| 00| 0 eng d
082 _aT000x72 Sh13
100 _aShafer, Robert Jones
245 _aNational economic planning in Mexico
_cby Robert Jones Shafer
260 _aSyracuse
_b
_c1963
650 _aPlanning-Economics
999 _c501773
_d501773